[Event "RN-2020-0-01595"]
[Site "LSS email"]
[Date "2020.06.23"]
[Round "?"]
[White "Caudill, Tom"]
[Black "Feng, Jason"]
[Result "1-0"]
[WhiteElo "735"]
[BlackElo "1047"]
[PlyCount "51"]
[EventDate "2020.01.04"]
[EventType "tourn (corr)"]
[EventRounds "6"]
[EventCountry "GER"]
[SourceTitle "Corr 2022"]
[Source "ChessBase"]
[SourceDate "2021.10.24"]
[SourceVersion "1"]
[SourceVersionDate "2021.10.24"]
[SourceQuality "1"]

1. c4 Nf6 2. g3 g6 3. Bg2 Bg7 4. Nf3 0-0 5. 0-0 d6 6. d4 c6 7. Nc3 Bf5 8. Re1 Qd7 9. e4 Bh3 10. Qe2 Bxg2 11. Kxg2 Na6 12. e5 dxe5 13. dxe5 Nh5 14. a3 Bh8 15. Bh6 Ng7 16. Rad1 Qc7 17. Ng5 Rfd8 18. Qf3 Nf5 19. e6 f6 20. Nf7 Nxh6 21. Nxh6+ Kg7 22. Nf7 Rf8 23. Rd7 Qb6 24. Rxe7 Rae8 25. Ne4 f5 26. Qc3+ 1-0

[Event "RN-2020-0-01595"]
[Site "LSS email"]
[Date "2020.06.23"]
[Round "?"]
[White "Kuttner, Jaromir"]
[Black "Feng, Jason"]
[Result "1-0"]
[WhiteElo "759"]
[BlackElo "1047"]
[PlyCount "69"]
[EventDate "2020.01.04"]
[EventType "tourn (corr)"]
[EventRounds "6"]
[EventCountry "GER"]
[SourceTitle "Corr 2022"]
[Source "ChessBase"]
[SourceDate "2021.10.24"]
[SourceVersion "1"]
[SourceVersionDate "2021.10.24"]
[SourceQuality "1"]

1. e4 e5 2. Nf3 Nc6 3. d4 exd4 4. Bc4 Nf6 5. e5 d5 6. Bb5 Ne4 7. Nxd4 Bd7 8. Bxc6 bxc6 9. 0-0 Bc5 10. f3 Ng5 11. f4 Ne4 12. Be3 Bb6 13. Nd2 Nxd2 14. Qxd2 0-0 15. Nb3 Qb8 16. Qc3 Bxe3+ 17. Qxe3 Qb6 18. Nc5 Rad8 19. Qd4 Bf5 20. Rf2 Rb8 21. c3 Rfd8 22. a4 a5 23. b3 Be4 24. Rb2 Qa7 25. b4 axb4 26. cxb4 Qb6 27. a5 Qb5 28. a6 Ra8 29. a7 h6 30. g4 g6 31. h3 Kg7 32. e6+ Kg8 33. e7 Re8 34. Qe5 Qd3 35. Nxd3 1-0

[Event "IECC CL0-2020.00 email"]
[Site "IECC email"]
[Date "2020.04.03"]
[Round "?"]
[White "Shim Ng Min, Francis"]
[Black "Feng, Jason"]
[Result "1-0"]
[WhiteElo "1141"]
[BlackElo "1011"]
[PlyCount "29"]
[EventDate "2020.02.17"]
[EventType "tourn (corr)"]
[EventRounds "4"]
[SourceTitle "Corr 2022"]
[Source "ChessBase"]
[SourceDate "2021.10.24"]
[SourceVersion "1"]
[SourceVersionDate "2021.10.24"]
[SourceQuality "1"]

1. e4 g6 2. d4 Bg7 3. Nc3 d5 4. e5 f6 5. exf6 exf6 6. Nf3 c6 7. Be2 Ne7 8. 0-0 0-0 9. a4 Be6 10. a5 Qd7 11. b4 a6 12. Na4 Nc8 13. Nc5 Qe7 14. Bd3 Ra7 15. Re1 1-0

[Event "LSS No Engine Cup 201 Preliminary 0"]
[Site "LSS email"]
[Date "2020.03.17"]
[Round "?"]
[White "Lonyuk, Bohdan"]
[Black "Feng, Jason"]
[Result "1-0"]
[WhiteElo "1578"]
[BlackElo "1291"]
[PlyCount "93"]
[EventDate "2020.03.17"]
[EventType "tourn (corr)"]
[EventRounds "6"]
[EventCountry "GER"]
[SourceTitle "Corr 2022"]
[Source "ChessBase"]
[SourceDate "2021.10.24"]
[SourceVersion "1"]
[SourceVersionDate "2021.10.24"]
[SourceQuality "1"]

1. e4 e5 2. Nf3 Nc6 3. Bb5 Nf6 4. 0-0 Nxe4 5. Re1 Nd6 6. Nxe5 Nxe5 7. Rxe5+ Be7 8. Bf1 0-0 9. d4 Bf6 10. Re1 Re8 11. c3 Rxe1 12. Qxe1 Qe7 13. Qxe7 Bxe7 14. Bf4 b6 15. Nd2 Bb7 16. Re1 Bf8 17. Nc4 Re8 18. Nxd6 Rxe1 19. Nxb7 Rb1 20. b3 Rb2 21. Bxc7 Rxa2 22. Nd6 Ra3 23. Nb5 Rxb3 24. Nxa7 Rxc3 25. Bxb6 g6 26. Nb5 Rc1 27. g4 Rb1 28. Bc7 Bg7 29. Kg2 Rb4 30. Ba5 Ra4 31. Bc3 Kf8 32. Nd6 Ke7 33. Bb5 Ra2 34. Bb4 Kf8 35. Nxf7+ Ke8 36. Nd6+ Kd8 37. Bc5 Rd2 38. Ne4 Rd1 39. Be2 Ra1 40. Ng5 Re1 41. Bf3 h6 42. Nf7+ Kc7 43. Bd5 Rd1 44. Nd6 Kd8 45. Bf3 Rd2 46. d5 Bf8 47. Ne4 1-0

[Event "RF-2020-0-00502"]
[Site "LSS email"]
[Date "2020.03.08"]
[Round "?"]
[White "Chura, Michal"]
[Black "Feng, Jason"]
[Result "1-0"]
[WhiteElo "1099"]
[BlackElo "1016"]
[PlyCount "45"]
[EventDate "2020.01.18"]
[EventType "tourn (corr)"]
[EventRounds "6"]
[EventCountry "GER"]
[SourceTitle "Corr 2022"]
[Source "ChessBase"]
[SourceDate "2021.10.24"]
[SourceVersion "1"]
[SourceVersionDate "2021.10.24"]
[SourceQuality "1"]

1. f4 d5 2. Nf3 Nf6 3. e3 Bg4 4. Be2 e6 5. b3 Be7 6. Ne5 Bxe2 7. Qxe2 Nbd7 8. Bb2 Nxe5 9. fxe5 Nd7 10. 0-0 0-0 11. Rf3 c5 12. d4 cxd4 13. exd4 Rc8 14. c3 Qb6 15. Nd2 a5 16. Raf1 a4 17. Rg3 g6 18. Qe3 axb3 19. axb3 Ra8 20. Qh6 Rfc8 21. Rh3 Nf8 22. Rhf3 Ba3 23. Rxf7 1-0

[Event "IECC CL0-2020.00 email"]
[Site "IECC email"]
[Date "2020.01.26"]
[Round "?"]
[White "Chura, Michal"]
[Black "Feng, Jason"]
[Result "1-0"]
[WhiteElo "1093"]
[BlackElo "1047"]
[PlyCount "57"]
[EventDate "2019.12.23"]
[EventType "tourn (corr)"]
[EventRounds "4"]
[SourceTitle "Corr 2022"]
[Source "ChessBase"]
[SourceDate "2021.10.24"]
[SourceVersion "1"]
[SourceVersionDate "2021.10.24"]
[SourceQuality "1"]

1. f4 d5 2. Nf3 Bg4 3. b3 Bxf3 4. exf3 e6 5. d4 c5 6. Bb5+ Nc6 7. 0-0 Qd7 8. Bb2 a6 9. Bxc6 Qxc6 10. Kh1 Nf6 11. dxc5 Bxc5 12. Nc3 Be7 13. Ne2 0-0 14. Qd3 Rac8 15. Rac1 Qd6 16. a4 Rc6 17. Be5 Qc5 18. Nd4 Rcc8 19. f5 Nd7 20. f4 Nxe5 21. fxe5 Qb6 22. f6 Bc5 23. fxg7 Rfd8 24. Rf4 Kxg7 25. Rcf1 Rd7 26. Rh4 h6 27. Rf3 Bxd4 28. Rxd4 Rxc2 29. Rg4+ 1-0

[Event "IECC CL0-2020.00 email"]
[Site "IECC email"]
[Date "2020.01.26"]
[Round "?"]
[White "Feng, Jason"]
[Black "Zmolil, Karel"]
[Result "1-0"]
[WhiteElo "1047"]
[BlackElo "1085"]
[PlyCount "91"]
[EventDate "2019.12.23"]
[EventType "tourn (corr)"]
[EventRounds "4"]
[SourceTitle "Corr 2022"]
[Source "ChessBase"]
[SourceDate "2021.10.24"]
[SourceVersion "1"]
[SourceVersionDate "2021.10.24"]
[SourceQuality "1"]

1. e4 e6 2. Nf3 c5 3. Nc3 d6 4. Bb5+ Nd7 5. e5 d5 6. 0-0 a6 7. Bxd7+ Bxd7 8. d4 c4 9. Bg5 Qb6 10. Rb1 Be7 11. Bxe7 Nxe7 12. Ng5 h6 13. Qh5 g6 14. Qh4 Nf5 15. Qh3 Qxd4 16. Nf3 Qc5 17. Rfe1 Nd4 18. Nxd4 0-0-0 19. Qe3 Rdg8 20. b4 Qc7 21. b5 a5 22. a4 b6 23. Nc6 Kb7 24. Rb2 Re8 25. Reb1 Ref8 26. Qd4 Bc8 27. Nxd5 exd5 28. Qxd5 Ka8 29. Nxa5+ Bb7 30. Nxb7 Qxb7 31. Qxc4 Rc8 32. Qd3 Rhd8 33. Qf3 Rd5 34. Re1 Re8 35. c4 Rdxe5 36. Qxb7+ Kxb7 37. Rxe5 Rxe5 38. f3 f5 39. Kf2 Kc7 40. Re2 Rc5 41. Rc2 Kd6 42. Ke3 Ke5 43. f4+ Ke6 44. Kd4 Rc8 45. Re2+ Kd6 46. Re5 1-0

[Event "IECC CL0-2019.00 email"]
[Site "IECC email"]
[Date "2019.11.08"]
[Round "?"]
[White "Feng, Jason"]
[Black "Bieszk, Stanislaw"]
[Result "1-0"]
[WhiteElo "1065"]
[BlackElo "1309"]
[PlyCount "89"]
[EventDate "2019.09.12"]
[EventType "tourn (corr)"]
[EventRounds "4"]
[SourceTitle "Corr 2022"]
[Source "ChessBase"]
[SourceDate "2021.10.24"]
[SourceVersion "1"]
[SourceVersionDate "2021.10.24"]
[SourceQuality "1"]

1. e4 c5 2. c3 d5 3. exd5 Qxd5 4. d4 cxd4 5. Nf3 Nf6 6. Qxd4 Nc6 7. Qxd5 Nxd5 8. Bb5 Bd7 9. 0-0 e6 10. Nbd2 Bd6 11. Nb3 a6 12. Bxc6 Bxc6 13. Rd1 b5 14. Na5 Bd7 15. c4 bxc4 16. Nxc4 Bc5 17. Nfe5 Bb5 18. a4 Bxc4 19. Nxc4 Ke7 20. Ne3 Nxe3 21. Bxe3 Bxe3 22. fxe3 Rab8 23. Rd2 Rhc8 24. Rad1 Rc4 25. Rd7+ Kf6 26. Rf1+ Ke5 27. Rdxf7 Rxb2 28. Rxg7 Rxa4 29. Rxh7 Raa2 30. Rg7 a5 31. h4 Ra4 32. Rg5+ Kd6 33. Rd1+ Ke7 34. h5 Rh4 35. Rd4 Rb1+ 36. Kf2 Rxd4 37. exd4 a4 38. Ra5 Rh1 39. g4 Kf6 40. g5+ Kg7 41. Ra7+ Kf8 42. h6 Rh5 43. h7 a3 44. g6 a2 45. g7+ 1-0

[Event "IECC CL0-2019.00 email"]
[Site "IECC email"]
[Date "2019.10.30"]
[Round "?"]
[White "Shim Ng Min, Francis"]
[Black "Feng, Jason"]
[Result "1-0"]
[WhiteElo "1295"]
[BlackElo "1065"]
[PlyCount "93"]
[EventDate "2019.09.12"]
[EventType "tourn (corr)"]
[EventRounds "4"]
[SourceTitle "Corr 2022"]
[Source "ChessBase"]
[SourceDate "2021.10.24"]
[SourceVersion "1"]
[SourceVersionDate "2021.10.24"]
[SourceQuality "1"]

1. e4 Nc6 2. d4 e5 3. Nf3 exd4 4. Bc4 Nf6 5. 0-0 Bc5 6. e5 d5 7. exf6 dxc4 8. Re1+ Be6 9. fxg7 Rg8 10. Bh6 Qd7 11. Ng5 0-0-0 12. Nxh7 Be7 13. Nd2 c3 14. bxc3 dxc3 15. Ne4 Qxd1 16. Rexd1 Rxd1+ 17. Rxd1 Bf5 18. Nhf6 Bxf6 19. Nxf6 Ne7 20. Nxg8 Nxg8 21. Bg5 f6 22. Bh4 Bxc2 23. Rc1 Bg6 24. Rxc3 Kd7 25. f4 c6 26. Bf2 b6 27. g3 Bf7 28. a3 Ne7 29. Be1 Nf5 30. Kf2 Nxg7 31. Rd3+ Bd5 32. Bc3 Ke6 33. g4 Kf7 34. f5 Ne8 35. h4 Nd6 36. Bb2 Ne4+ 37. Ke3 Nc5 38. Rd4 Kg7 39. Kf4 b5 40. Rd1 a5 41. g5 Nd7 42. gxf6+ Kf7 43. Kg5 Nf8 44. Rg1 Be4 45. Re1 Bd5 46. Re7+ Kg8 47. Rg7+ 1-0

[Event "RN-2019-0-01552"]
[Site "LSS email"]
[Date "2019.08.10"]
[Round "?"]
[White "Hughes, Peter James"]
[Black "Feng, Jason"]
[Result "0-1"]
[WhiteElo "503"]
[BlackElo "1044"]
[PlyCount "64"]
[EventDate "2019.07.17"]
[EventType "tourn (corr)"]
[EventRounds "6"]
[EventCountry "GER"]
[SourceTitle "Corr 2022"]
[Source "ChessBase"]
[SourceDate "2021.10.24"]
[SourceVersion "1"]
[SourceVersionDate "2021.10.24"]
[SourceQuality "1"]

1. d4 e5 2. dxe5 Nc6 3. Nf3 Qe7 4. Bf4 Qb4+ 5. Bd2 Qxb2 6. Nc3 Bb4 7. Na4 Bxd2+ 8. Nxd2 Qxe5 9. e3 d6 10. Bc4 Be6 11. 0-0 Nf6 12. Re1 0-0 13. Rb1 Na5 14. Bb3 Nxb3 15. cxb3 b5 16. Nb2 Ne4 17. f3 Nc3 18. Qc1 Nxb1 19. Qxb1 c5 20. Nd3 Qf6 21. Nf4 a5 22. Qd3 Qb2 23. Ne4 Qxa2 24. Nxd6 Qxb3 25. Qe2 b4 26. Rc1 Rfd8 27. Nb7 Rdc8 28. Nxc5 Qa3 29. Nfd3 b3 30. Nb2 Qb4 31. Ncd3 Rxc1+ 32. Nxc1 a4 0-1

[Event "RN-2019-0-01539"]
[Site "LSS email"]
[Date "2019.06.15"]
[Round "?"]
[White "Feng, Jason"]
[Black "Croke, Pat"]
[Result "1-0"]
[WhiteElo "1064"]
[BlackElo "537"]
[PlyCount "67"]
[EventDate "2019.05.19"]
[EventType "tourn (corr)"]
[EventRounds "6"]
[EventCountry "GER"]
[SourceTitle "Corr 2022"]
[Source "ChessBase"]
[SourceDate "2021.10.24"]
[SourceVersion "1"]
[SourceVersionDate "2021.10.24"]
[SourceQuality "1"]

1. e4 e5 2. Nf3 Nc6 3. Bc4 Nh6 4. d4 exd4 5. Bxh6 gxh6 6. Nxd4 Nxd4 7. Qxd4 Rg8 8. Qe5+ Qe7 9. Qxe7+ Bxe7 10. 0-0 b6 11. Nc3 Bb7 12. Bd5 0-0-0 13. Bxb7+ Kxb7 14. a4 a5 15. Nd5 Bc5 16. Rad1 h5 17. Nf6 Rg6 18. Nxd7 Rdg8 19. Nxc5+ Kc8 20. Nd3 Rxg2+ 21. Kh1 R2g4 22. Rg1 Rxg1+ 23. Rxg1 Rxg1+ 24. Kxg1 Kd7 25. Nf4 h4 26. Ng2 h3 27. Nf4 Kd6 28. Nxh3 Kc5 29. Ng5 f6 30. Nxh7 Kb4 31. Nxf6 Kxa4 32. Nd5 c5 33. e5 b5 34. e6 1-0

[Event "RN-2019-0-01539"]
[Site "LSS email"]
[Date "2019.06.15"]
[Round "?"]
[White "Feng, Jason"]
[Black "Ruano Casanova, Enrique"]
[Result "0-1"]
[WhiteElo "1064"]
[BlackElo "800"]
[PlyCount "46"]
[EventDate "2019.05.19"]
[EventType "tourn (corr)"]
[EventRounds "6"]
[EventCountry "GER"]
[SourceTitle "Corr 2022"]
[Source "ChessBase"]
[SourceDate "2021.10.24"]
[SourceVersion "1"]
[SourceVersionDate "2021.10.24"]
[SourceQuality "1"]

1. e4 c5 2. Nf3 d6 3. Bb5+ Bd7 4. Bxd7+ Qxd7 5. c4 Nc6 6. Nc3 Nf6 7. d4 cxd4 8. Nxd4 g6 9. 0-0 Bg7 10. Nde2 0-0 11. Ng3 h5 12. Nd5 h4 13. Nxf6+ Bxf6 14. Ne2 h3 15. g3 Ne5 16. Qb3 Rfc8 17. Nf4 Rxc4 18. Nxg6 fxg6 19. f4 Qc6 20. fxe5 Bxe5 21. Re1 Rf8 22. Bg5 Kh7 23. Bxe7 Rxe4 0-1

[Event "RN-2019-0-01539"]
[Site "LSS email"]
[Date "2019.06.15"]
[Round "?"]
[White "Plastinin, Alexandr"]
[Black "Feng, Jason"]
[Result "0-1"]
[WhiteElo "944"]
[BlackElo "1064"]
[PlyCount "112"]
[EventDate "2019.05.19"]
[EventType "tourn (corr)"]
[EventRounds "6"]
[EventCountry "GER"]
[SourceTitle "Corr 2022"]
[Source "ChessBase"]
[SourceDate "2021.10.24"]
[SourceVersion "1"]
[SourceVersionDate "2021.10.24"]
[SourceQuality "1"]

1. e4 e5 2. Nf3 Nc6 3. Bc4 Nf6 4. Nc3 Nxe4 5. Bxf7+ Kxf7 6. Nxe4 d5 7. Nc3 Be6 8. 0-0 Bd6 9. d4 e4 10. Ng5+ Ke7 11. Nxe6 Kxe6 12. Qg4+ Kf7 13. f3 e3 14. Bxe3 Re8 15. Rae1 Kg8 16. Bg5 Rxe1 17. Bxd8 Rxf1+ 18. Kxf1 Rxd8 19. Nxd5 Bxh2 20. c4 Bd6 21. c5 Bf8 22. Qe6+ Kh8 23. Nf6 gxf6 24. Qxf6+ Bg7 25. Qf7 Bxd4 26. Qxc7 Rb8 27. b4 Be5 28. Qf7 Nxb4 29. f4 Bg7 30. f5 a5 31. f6 Bh6 32. Qh5 Bf8 33. a3 Nc6 34. Ke2 Rc8 35. g4 Nd4+ 36. Kd3 Ne6 37. Qf5 Nxc5+ 38. Ke3 Re8+ 39. Kd2 b5 40. f7 Re6 41. Qf4 Kg7 42. g5 Rg6 43. Kc2 Ne6 44. Qe5+ Kxf7 45. Qf5+ Kg8 46. Kb2 b4 47. axb4 axb4 48. Kb1 Nxg5 49. Qd5+ Nf7 50. Kb2 Rg3 51. Qh1 Bg7+ 52. Kb1 Be5 53. Qe4 b3 54. Qa8+ Kg7 55. Qh1 b2 56. Qe1 Ra3 0-1

[Event "LSS No Engine Cup 189 Preliminary 0"]
[Site "LSS email"]
[Date "2019.04.15"]
[Round "?"]
[White "Gyongyosi, Peter Laszlo"]
[Black "Feng, Jason"]
[Result "1/2-1/2"]
[WhiteElo "1069"]
[BlackElo "1307"]
[PlyCount "108"]
[EventDate "2019.04.16"]
[EventType "tourn (corr)"]
[EventRounds "6"]
[EventCountry "GER"]
[SourceTitle "Corr 2022"]
[Source "ChessBase"]
[SourceDate "2021.10.24"]
[SourceVersion "1"]
[SourceVersionDate "2021.10.24"]
[SourceQuality "1"]

1. e4 e5 2. Nf3 Nc6 3. Bb5 Nf6 4. Bxc6 dxc6 5. 0-0 Bd6 6. d3 0-0 7. Bg5 Bg4 8. h3 Bh5 9. Nbd2 h6 10. Bxf6 Qxf6 11. Qe1 Rad8 12. g4 Bg6 13. Kg2 h5 14. Nh2 hxg4 15. Nxg4 Qe7 16. Nc4 b5 17. Nxd6 cxd6 18. b3 f5 19. exf5 Bxf5 20. Rg1 Bxg4 21. hxg4 Qf6 22. Qe3 Rd7 23. Rh1 Kf7 24. Rh3 Ke8 25. Rah1 Qf4 26. Qe1 Qxg4+ 27. Rg3 Qf5 28. Qe2 Rdf7 29. Rf1 g5 30. Qe4 Qxe4+ 31. dxe4 Rf4 32. f3 Rg8 33. Rg4 Ke7 34. Kg3 Rxg4+ 35. Kxg4 Kf6 36. Rh1 Rg7 37. Rh6+ Ke7 38. c3 a5 39. a4 Kd7 40. Rf6 Ke7 41. Rf5 Ke6 42. Kh5 d5 43. Kh6 Rb7 44. Kxg5 bxa4 45. bxa4 Rb3 46. Rf6+ Kd7 47. exd5 cxd5 48. Kf5 d4 49. Kxe5 dxc3 50. Rd6+ Kc7 51. Rd1 c2 52. Rc1 Re3+ 53. Kd4 Rxf3 54. Rxc2+ Kb6 1/2-1/2

[Event "RF-2019-0-00471"]
[Site "LSS email"]
[Date "2019.04.04"]
[Round "?"]
[White "Feng, Jason"]
[Black "Shim Ng Min, Francis"]
[Result "1/2-1/2"]
[WhiteElo "1111"]
[BlackElo "1251"]
[PlyCount "28"]
[EventDate "2019.03.07"]
[EventType "tourn (corr)"]
[EventRounds "6"]
[EventCountry "GER"]
[SourceTitle "Corr 2022"]
[Source "ChessBase"]
[SourceDate "2021.10.24"]
[SourceVersion "1"]
[SourceVersionDate "2021.10.24"]
[SourceQuality "1"]

1. e4 c5 2. c3 d5 3. exd5 Qxd5 4. d4 e6 5. dxc5 Bxc5 6. Qxd5 exd5 7. Bb5+ Bd7 8. Bxd7+ Nxd7 9. Nf3 Ngf6 10. 0-0 0-0 11. Nbd2 Ne4 12. Nb3 Bb6 13. Bf4 Ndf6 14. Nfd2 Nxd2 1/2-1/2

[Event "IECC CL0-2019.00 email"]
[Site "IECC email"]
[Date "2019.03.29"]
[Round "?"]
[White "Feng, Jason"]
[Black "Raines, David T"]
[Result "0-1"]
[WhiteElo "1111"]
[BlackElo "1206"]
[PlyCount "104"]
[EventDate "2019.02.17"]
[EventType "tourn (corr)"]
[EventRounds "4"]
[SourceTitle "Corr 2022"]
[Source "ChessBase"]
[SourceDate "2021.10.24"]
[SourceVersion "1"]
[SourceVersionDate "2021.10.24"]
[SourceQuality "1"]

1. e4 c6 2. Nc3 d5 3. exd5 cxd5 4. d4 Nf6 5. Bg5 Nc6 6. Nf3 Bg4 7. Be2 e6 8. h3 Bh5 9. Ne5 Bxe2 10. Nxe2 Be7 11. Nxc6 bxc6 12. Qd3 h6 13. Be3 Qb6 14. Qb3 0-0 15. Qxb6 axb6 16. a3 c5 17. dxc5 bxc5 18. 0-0 d4 19. Bd2 Rfb8 20. b3 Nd5 21. Rfb1 e5 22. a4 Ra6 23. Ng3 Nb4 24. Bxb4 cxb4 25. Re1 Bf6 26. Ne4 Rc8 27. Nxf6+ gxf6 28. Re2 Rac6 29. Ra2 Rc3 30. Rd2 Kf8 31. Kf1 Ke7 32. Ke2 h5 33. Kd1 Ke6 34. f4 e4 35. Rxd4 Kf5 36. g4+ hxg4 37. hxg4+ Kxf4 38. Rxb4 Ke3 39. a5 Re8 40. Rc4 Rxc4 41. bxc4 Kf2 42. c3+ Kf1 43. a6 e3 44. a7 Rd8+ 45. Kc2 e2 46. Ra1+ e1Q 47. a8Q Rxa8 48. Rxe1+ Kxe1 49. Kd3 Rd8+ 50. Ke4 Kd2 51. Kf5 Rd6 52. c5 Rc6 0-1

[Event "RF-2019-0-00469"]
[Site "LSS email"]
[Date "2019.03.22"]
[Round "?"]
[White "Feng, Jason"]
[Black "Nesbit, Andres"]
[Result "1/2-1/2"]
[WhiteElo "1107"]
[BlackElo "1449"]
[PlyCount "59"]
[EventDate "2019.02.19"]
[EventType "tourn (corr)"]
[EventRounds "6"]
[EventCountry "GER"]
[SourceTitle "Corr 2022"]
[Source "ChessBase"]
[SourceDate "2021.10.24"]
[SourceVersion "1"]
[SourceVersionDate "2021.10.24"]
[SourceQuality "1"]

1. e4 c5 2. c3 d5 3. exd5 Qxd5 4. d4 g6 5. Nf3 Bg7 6. dxc5 Qxc5 7. Be2 Nh6 8. Bxh6 Bxh6 9. Qd4 Qxd4 10. Nxd4 Bd7 11. 0-0 Nc6 12. Nxc6 Bxc6 13. Na3 0-0-0 14. Rfd1 a6 15. Rxd8+ Rxd8 16. Rd1 Rxd1+ 17. Bxd1 Bc1 18. Nc4 Bb5 19. b3 Bxc4 20. bxc4 Bd2 21. f3 Bxc3 22. Kf2 Kc7 23. f4 Kd6 24. Ke3 Kc5 25. Kd3 Bb2 26. Bb3 h6 27. g4 g5 28. f5 f6 29. h3 Be5 30. Ke4 1/2-1/2

[Event "RF-2019-0-00469"]
[Site "LSS email"]
[Date "2019.03.22"]
[Round "?"]
[White "Tolnai, Rudolf"]
[Black "Feng, Jason"]
[Result "0-1"]
[WhiteElo "836"]
[BlackElo "1107"]
[PlyCount "78"]
[EventDate "2019.02.19"]
[EventType "tourn (corr)"]
[EventRounds "6"]
[EventCountry "GER"]
[SourceTitle "Corr 2022"]
[Source "ChessBase"]
[SourceDate "2021.10.24"]
[SourceVersion "1"]
[SourceVersionDate "2021.10.24"]
[SourceQuality "1"]

1. e4 g6 2. Bc4 Bg7 3. c3 c5 4. d3 Nh6 5. Bg5 0-0 6. Nf3 Ng4 7. h3 Ne5 8. Nxe5 Bxe5 9. f4 Bg7 10. 0-0 Nc6 11. Rf3 d6 12. a3 Kh8 13. Qe1 Qb6 14. b3 f6 15. Bh4 Bd7 16. Nd2 Na5 17. Rb1 Qc7 18. Bg3 f5 19. exf5 Bxf5 20. Rb2 Bxc3 21. Ra2 Nxc4 22. dxc4 Bd4+ 23. Bf2 Bg7 24. Bh4 Rae8 25. Kh1 e5 26. Re3 Qd7 27. fxe5 Bxe5 28. Nf3 Bg7 29. Rae2 Rxe3 30. Rxe3 Bxh3 31. gxh3 Qxh3+ 32. Kg1 Rxf3 33. Re8+ Rf8 34. Rxf8+ Bxf8 35. Bf6+ Kg8 36. Qe4 Qg3+ 37. Kf1 Qh3+ 38. Kg1 Qd7 39. Bb2 Bg7 0-1

[Event "RE-2019-0-00206"]
[Site "LSS email"]
[Date "2019.02.24"]
[Round "?"]
[White "Hogan, Bernardo"]
[Black "Feng, Jason"]
[Result "1-0"]
[WhiteElo "1301"]
[BlackElo "1022"]
[PlyCount "87"]
[EventDate "2018.09.13"]
[EventType "tourn (corr)"]
[EventRounds "6"]
[EventCountry "GER"]
[SourceTitle "Corr 2022"]
[Source "ChessBase"]
[SourceDate "2021.10.24"]
[SourceVersion "1"]
[SourceVersionDate "2021.10.24"]
[SourceQuality "1"]

1. e4 e5 2. Nf3 Nc6 3. Bb5 Nf6 4. 0-0 Nxe4 5. Re1 Nd6 6. Ba4 Be7 7. Nxe5 Nxe5 8. Rxe5 0-0 9. c3 Bf6 10. Re1 b6 11. d4 Bb7 12. Qd3 Re8 13. Rxe8+ Qxe8 14. Na3 Qe1+ 15. Qf1 Qxf1+ 16. Kxf1 Ba6+ 17. Kg1 Re8 18. Bf4 Re2 19. Bxd6 cxd6 20. b4 g6 21. Bxd7 Bb7 22. Nb5 Bd5 23. Nxa7 Rxa2 24. Rxa2 Bxa2 25. Nc8 Bg5 26. Nxb6 Bd2 27. b5 Bxc3 28. d5 Ba5 29. Nc8 Kf8 30. Bc6 Bc7 31. b6 Bb8 32. f4 Bc4 33. Na7 Ke7 34. Bb7 Kd7 35. Nc6 Bc7 36. bxc7 Kxc7 37. Na5 Bd3 38. Bc6 f6 39. Kf2 f5 40. Ke3 Be4 41. g4 Bh1 42. g5 Bg2 43. Nb3 Bf1 44. Nd4 1-0

[Event "RF-2019-0-00465"]
[Site "LSS email"]
[Date "2019.02.19"]
[Round "?"]
[White "Stadler, Pavel"]
[Black "Feng, Jason"]
[Result "1/2-1/2"]
[WhiteElo "1204"]
[BlackElo "1100"]
[PlyCount "48"]
[EventDate "2019.01.20"]
[EventType "tourn (corr)"]
[EventRounds "6"]
[EventCountry "GER"]
[SourceTitle "Corr 2022"]
[Source "ChessBase"]
[SourceDate "2021.10.24"]
[SourceVersion "1"]
[SourceVersionDate "2021.10.24"]
[SourceQuality "1"]

1. e4 e5 2. Nf3 Nc6 3. Bc4 Nf6 4. Ng5 Bc5 5. Bxf7+ Ke7 6. Bd5 Rf8 7. c3 d6 8. Nf3 Bg4 9. 0-0 Bxf3 10. gxf3 Qe8 11. d4 Bb6 12. Be3 Kd7 13. Bxc6+ bxc6 14. Nd2 Nh5 15. a4 a5 16. dxe5 Qxe5 17. Nc4 Qf6 18. Nxb6+ cxb6 19. f4 Qg6+ 20. Kh1 Qxe4+ 21. Kg1 Qg6+ 22. Kh1 Qe4+ 23. Kg1 Qg6+ 24. Kh1 Qe4+ 1/2-1/2